[Event "NED-ch55"]
[Site "Rotterdam"]
[Date "2000.05.12"]
[Round "5"]
[White "Bosboom, Manuel"]
[Black "Tiviakov, Sergei"]
[Result "1/2-1/2"]
[WhiteElo "2461"]
[BlackElo "2567"]
[Annotator "Tiviakov,S"]
[PlyCount "56"]
[EventDate "2000.05.07"]
[EventType "tourn"]
[EventRounds "11"]
[EventCountry "NED"]
[EventCategory "12"]
[SourceTitle "EXT 2002"]
[Source "ChessBase"]
[SourceDate "2001.11.25"]
[SourceVersion "1"]
[SourceVersionDate "2001.11.25"]
[SourceQuality "1"]

1. c4 e5 2. Nc3 Nf6 3. Nf3 Nc6 4. e3 Bb4 5. Qc2 Bxc3 6. Qxc3 Qe7 7. a3 a5 8. b4
$5 axb4 9. axb4 Rxa1 10. Qxa1 e4 11. b5 exf3 12. bxc6 fxg2 13. cxd7+ Qxd7 (
13... Nxd7 $5 14. Bxg2 O-O 15. O-O (15. Bb2 f6 16. O-O Rd8 17. d4 Nf8 18. Ba3
Qf7 19. Bxf8 Rxf8 20. c5 f5 21. Qc1 c6 22. Qd2 Be6 23. Ra1 h6 24. Ra7 f4 25.
exf4 Qg6 26. f3 Qb1+ 27. Kf2 Bd5 28. Ra3 Re8 29. Re3 Ra8 30. Re1 Qg6 31. Qe3
Qf6 32. Kg3 Qg6+ 33. Kf2 Qf6 34. Kg3 {1/2-1/2 Corvi,M-Caposciutti,M/
Montecatini Terme 1998/EXT 2000 (34)}) 15... c5 16. f4 Rd8 17. Qa5 Nf6 18. Ba3
b6 19. Qxb6 Rxd2 20. Qxc5 Qe8 21. Qe7 Rxg2+ 22. Kxg2 Qc6+ 23. Kf2 h5 24. Rg1
Ng4+ 25. Kg3 Nh6 26. e4 Qb6 27. Qc5 Qb3+ 28. Kf2 Ng4+ 29. Ke1 Qc3+ 30. Kd1 Be6
31. Rg3 Ne3+ $1 32. Rxe3 Bg4+ 33. Re2 Qd3+ 34. Kc1 Bxe2 35. Qc8+ Kh7 36. Qf5+
Kg8 37. Qc8+ Kh7 38. Qf5+ {1/2-1/2 Agdestein,S-Adams,M/Hastings 1991/CBM 27})
14. Bxg2 O-O (14... Qg4 15. Qe5+ Be6 16. Bxb7 Qxc4 17. Ba3 Kd7 18. Qc5 Qxc5 19.
Bxc5 Rb8 20. Bg2 Rb1+ 21. Ke2 Bc4+ 22. d3 Rb2+ 23. Kf3 Bxd3 24. Bh3+ Kc6 25.
Rc1 Be4+ 26. Kg3 Rc2 27. Rxc2 Bxc2 28. Bf8 g6 29. Kf4 Kd5 30. f3 c5 31. e4+ Kc6
32. e5 Nd5+ 33. Kg5 c4 34. e6 f5 35. f4 c3 36. Ba3 h6+ 37. Kxg6 Nxf4+ 38. Kg7
Nxe6+ 39. Kxh6 Be4 40. Bf1 Kd5 41. Kg6 f4+ 42. Kf6 f3 43. h4 Nf4 44. Kg5 Ne2
45. h5 c2 46. Bh3 Kc4 47. Be6+ Kc3 48. h6 f2 49. Bh3 Kb3 {0-1 Rodgaard,
J-Hjartarson,J/Esbjerg 1985/EXT 2000 (49)}) (14... Qd3 15. Qe5+ Be6 16. Bf1 Qb1
17. Qb2 Qg6 18. d3 O-O 19. Bd2 Bf5 20. Bc3 Rd8 21. Bxf6 gxf6 22. h4 Bxd3 23.
Rh3 Qh5 24. Bxd3 Rxd3 25. Rg3+ Kf8 26. Kf1 Rd1+ 27. Kg2 Qxh4 28. Qb4+ Rd6 29.
Qxb7 Qxc4 30. Qc8+ Ke7 31. Rg8 f5 32. Qf8+ Ke6 33. Qh6+ Kd7 34. Qxh7 Qc6+ 35.
f3 Rd2+ 36. Kg3 Qd6+ 37. f4 Qd5 38. Qh1 Qxh1 {0-1 Titz,H-Schneider Zinner,H/
Austria 1997/CBM 57 ext (38)}) 15. Bb2 $1 (15. Rg1 Qg4 16. Bb2 Nh5 $15 17. Qd1
(17. h3 Qg6 18. Ke2 Re8 19. Be5 Qe6 20. f4 Qxc4+ 21. Ke1 f6 22. Qa5 c6 23. Bf1
Qc1+ 24. Kf2 fxe5 25. Be2 Qb2 26. Bxh5 Rf8 27. Kg3 exf4+ 28. exf4 Qd4 29. Rf1
Be6 30. Rf2 Bd5 31. Bg4 g5 32. Qc7 gxf4+ 33. Rxf4 Qg1+ 34. Kh4 Qe1+ 35. Kg5
Qxd2 36. Bf5 Bf7 37. Qe5 Re8 38. Bxh7+ Kf8 39. Qh8+ Ke7 40. Qf6+ Kd7 41. Qxf7+
Re7 {1-0 Grooten,H-Ligterink,G/Leeuwarden 1981/MCD (41)}) (17. Be5 Bf5 18. h3
Qg6 19. Bh2 Be4 20. Bf1 Qc6 21. Be2 Bf3 22. Bxf3 Qxf3 23. Bxc7 Qc6 24. Be5 f6
25. Bc3 Qxc4 26. Qa5 Qf7 27. Rg4 Re8 28. Qb5 h6 29. Qf5 Rd8 30. h4 Rd5 31. Qb1
b5 32. Rb4 Qd7 33. Qg6 Qf7 34. Qxf7+ Kxf7 35. d4 f5 36. f3 Nf6 37. Ke2 g5 38.
Be1 g4 39. Bg3 gxf3+ 40. Kxf3 Ke6 41. Bf4 h5 42. Bb8 Nd7 43. Bc7 Nf6 44. Bb6
Nd7 45. Ba5 Nf8 46. Kg3 Ng6 47. Bb6 Kd7 48. Bc5 Kc6 49. Rb2 Rd7 50. Rf2 Rf7 51.
e4 f4+ 52. Kh3 Ne5 53. Ra2 Nd7 54. Bb4 f3 55. Be1 Nf6 56. Rc2+ Kb6 57. e5 Ne4
58. Bf2 Nxf2+ 59. Rxf2 Kc6 60. Kg3 b4 61. Rc2+ Kd5 62. Kf2 Kxd4 63. e6 Re7 64.
Rd2+ Kc5 65. Kxf3 Rxe6 66. Kf4 b3 {0-1 Koponen,E-Mooy,W/corr Eu Mkl 1981 (66)})
17... Qg6 18. d4 Bf5 19. Kd2 Qb6 20. Kc1 Qb4 21. Bf1 Ra8 22. f3 Ra2 23. Rg2
Rxb2 24. Rxb2 Qc3+ 25. Rc2 Bxc2 26. Qxc2 Qxe3+ 27. Qd2 Qxf3 28. Bg2 Qa3+ 29.
Kd1 Qb3+ 30. Ke1 Qxc4 31. Bxb7 Qe6+ 32. Kf2 Qf5+ 33. Kg1 Qb1+ {0-1 Goodman,
D-Popovych,O/Dortmund 1977/MCL (33)}) (15. O-O Ng4 16. f4 Qd3 17. f5 c6 18. Rf4
Bxf5 19. Qa5 Be6 20. Be4 Qe2 21. Qh5 h6 22. Bg2 Qd1+ 23. Rf1 Qc2 24. Ba3 Ra8
25. Bb4 Qxc4 26. Bc3 Ra3 27. Bd4 c5 28. Qxc5 Qxc5 29. Bxc5 Ra2 30. Bb4 b5 31.
Bc3 f6 32. Rb1 Bc4 33. Rxb5 Bd3 34. Bd5+ Kh7 35. Rb7 Rc2 36. Rc7 h5 37. h3 Nh6
38. Be5 fxe5 {0-1 Rohde,U-Rosen,B/Germany 1994/GER (38)}) 15... Rd8 $1 $146 (
15... Qg4 16. O-O $1 $14 (16. Rg1 $6 {- 15.Rg1 Qg4 16.Bb2}) 16... Nh5 17. Qa5 (
17. Qd1 Qh4 18. Be5 c6 19. d4 f5 20. Qb3 f4 21. c5+ Kh8 22. e4 f3 23. Bxf3 Bh3
24. Ra1 Nf4 25. Bxf4 Qxf4 26. Qe3 g5 27. Qxf4 Rxf4 28. Ra3 Kg7 29. Bh1 Bc8 30.
Bg2 Kg6 31. Ra8 Bg4 32. Rg8+ {1-0 Segers-Aalders/corr Netherlands 1987 (32)})
17... c6 18. Kh1 f5 19. f4 Qh4 20. Kg1 Qd8 21. Qxd8 Rxd8 22. Bf3 Nf6 23. Bxf6
gxf6 24. d4 Be6 25. Rb1 Rd7 26. Be2 Kf7 27. Kf2 Ke7 28. Bd3 Kf7 29. Kg3 Kg6 30.
Be2 Kg7 31. Rb4 Bf7 32. Kf2 Be6 33. Bf3 Kf7 34. Ke2 Ke7 35. Kd3 Kd6 36. Kc3 Kc7
37. Rb2 Rg7 38. Rb1 Rg8 39. Kb4 Bf7 40. Kc5 Ra8 41. Rxb7+ Kxb7 42. Bxc6+ Kb8
43. Bxa8 Kxa8 44. d5 Kb8 45. Kd6 Be8 46. Ke6 Ba4 47. Kxf6 {1-0 Van
Buuren-Seewald,P/corr ch-NLD 1981 (47)}) 16. O-O Ne8 (16... Qxd2 17. Bxf6 gxf6
18. Qxf6 $14) 17. Bd4 $1 {[/^a1-h8]} (17. d4 $6 {(ץb2)} Nd6 {/\Nf5-h4 |^>>}) (
17. Bc3 Qd3 $5 18. c5 Bf5 $15 19. Bxb7 $140 Bh3 20. Re1 $2 Qg6+ 21. Kh1 c6 $19)
17... Qe6 18. c5 Bd7 $1 19. Bxb7 (19. Qb2 Bc6 20. Bxc6 Qxc6 (20... bxc6 $5) 21.
Rb1 $13) (19. f4 Bc6 20. f5 Qh6 21. Bxc6 Qxc6 $13) (19. Rb1 Qg6 20. Kh1 Ra8 21.
Qb2 Bc6 22. Bxc6 bxc6 $13 (22... Qxc6+ 23. Kg1 Qg6+ 24. Kh1 Qe4+ 25. Kg1 Ra7
$13)) 19... Bb5 $8 (19... Qg6+ 20. Kh1 c6 21. f3 $16) (19... c6 20. f3 $16) 20.
Rb1 $8 (20. Re1 c6 $19 {ץb7}) 20... Bd3 (20... c6 21. f3 Qf5 (21... Rb8 22.
Rxb5 cxb5 23. Qa7 $5 $44 {^^ o^c5}) 22. Rxb5 cxb5 23. Be4 $44 {^^ o^c5}) 21.
Rb4 $8 Qg4+ $8 (21... Qg6+ 22. Bg2 Be4 23. Qf1 $16) (21... c6 22. f3 $16) 22.
Kh1 (22. Bg2 Be4 (22... Ra8 $5 23. Qe1 Be4 24. Qf1 Bxg2 25. Qxg2 Qd1+ 26. Qf1
Qxd2 $15) 23. Qf1 Bxg2 24. Qxg2 Qd1+ 25. Qf1 Qxd2 $15) 22... Be4+ (22... Rb8
23. Bc3 $8 (23. f3 $2 Qh3 24. Kg1 Be2 $19 {->}) 23... Qf5 24. Bg2 Rxb4 25. Bxb4
Qxf2 26. h3 $14 {_|_ ^^}) 23. Bxe4 Qxe4+ 24. Kg1 Qg4+ 25. Kf1 Qh3+ 26. Kg1 (26.
Ke1 Qxh2 $15) 26... Qg4+ (26... Rd5 27. Be5 Rxd2 28. Rd4 (28. Qa4 $5) 28...
Rxd4 29. Qxd4 $11 {_|_}) 27. Kf1 Qh3+ 28. Kg1 Qg4+ 1/2-1/2

[Event "Stockholm-A"]
[Site "Stockholm"]
[Date "1995.??.??"]
[Round "9"]
[White "Cramling, Dan"]
[Black "Wedberg, Tom Birger"]
[Result "0-1"]
[WhiteElo "2445"]
[BlackElo "2455"]
[Annotator "Wedberg,T"]
[PlyCount "70"]
[EventDate "1995.08.??"]
[EventType "tourn"]
[EventRounds "11"]
[EventCountry "SWE"]
[EventCategory "8"]
[SourceTitle "CBM 049 Extra"]
[Source "ChessBase"]
[SourceDate "1996.01.01"]
[SourceVersion "1"]
[SourceVersionDate "1996.01.01"]
[SourceQuality "1"]

1. c4 e5 2. Nc3 Nf6 3. Nf3 Nc6 4. d3 d5 5. cxd5 Nxd5 6. e3 g6 7. a3 Bg7 8. Bd2
O-O 9. Be2 a5 10. O-O Nb6 11. Na4 Nxa4 12. Qxa4 Bf5 13. Bc3 Qd7 (13... Bxd3 $6
14. Rfd1 b5 15. Qg4 f5 16. Qg3 e4 17. Bxg7 Kxg7 18. Bxd3 exd3 19. Ne1 $16) 14.
Qc2 Rfd8 15. Rfd1 Qe7 16. b3 Rd7 17. h3 (17. Nd2 Nd4 $1 $15) 17... g5 $5 18. b4
(18. e4) 18... e4 $1 19. Ne1 axb4 20. axb4 Rxa1 21. Rxa1 Nxb4 22. Ra8+ Bf8 23.
Qb2 Nd5 (23... Nxd3 24. Bxd3 exd3 25. Nf3 $44) 24. Bg7 Rd8 25. Rxd8 Qxd8 26.
Bxf8 Qxf8 27. Qxb7 (27. dxe4 Bxe4 28. Qe5 Qe7 $17) (27. Qe5 Qb4 28. Kf1 exd3
29. Bxd3 Bxd3+ 30. Nxd3 Qb1+ 31. Ne1 Qb5+ 32. Kg1 h6 $15) 27... Qc5 28. dxe4
Bxe4 29. Bf3 Qc1 30. Bxe4 Qxe1+ 31. Kh2 Nf6 32. Kg3 $2 (32. Qxc7 $1 Qxf2 (32...
Nxe4 33. Qb8+ Kg7 34. Qe5+ f6 35. Qxe4 Qxf2 $10) 33. Bd5 $1 Nxd5 34. Qd8+ $10)
32... Kg7 33. Bf3 Qc3 34. Kh2 c5 35. Bd5 Qe5+ 0-1

[Event "RUS-Cup4"]
[Site "Perm"]
[Date "1997.??.??"]
[Round "2"]
[White "Vaulin, Alexander"]
[Black "Yakovich, Yuri"]
[Result "0-1"]
[WhiteElo "2490"]
[BlackElo "2575"]
[Annotator "Yakovich,Y"]
[PlyCount "104"]
[EventDate "1997.02.02"]
[EventType "swiss"]
[EventRounds "9"]
[EventCountry "RUS"]
[SourceTitle "CBM 058"]
[Source "ChessBase"]
[SourceDate "1997.06.01"]
[SourceVersion "1"]
[SourceVersionDate "1997.06.01"]
[SourceQuality "1"]

1. c4 {Ribli} e5 2. Nc3 Nf6 3. Nf3 Nc6 4. e3 Bb4 5. Nd5 $6 {Dieser Zug
gefaellt mir nicht und stattdessen schlage ich 5.Qc2 vor.Ribli.} e4 6. Nxb4 (6.
Ng1 O-O 7. Qc2 (7. Ne2 Nxd5 8. cxd5 Ne5 $15) 7... Re8 8. a3 Bd6 9. Ne2 b5 $1
$17 (9... b5 $1 {Ribli} 10. Nec3 bxc4 11. Bxc4 Bb7 12. b3 Nxd5 13. Bxd5 Qg5 14.
Bb2 Nd4 $1 15. exd4 Bxd5 16. Nxd5 Qxd5 $15 {[%csl Rb2]})) 6... Nxb4 (6... exf3
$6 {Ribli} 7. Nd5 fxg2 8. Bxg2 $14 {Taimanov,M-Zakharov,A/URS-ch/1963/ In
dieser ungewöhnlichen Stellung steht Weiß dank seines Läuferpaares und eines
möglichen Zentrumsturmes mit den d-e-f-Bauern etwas besser.Ribli.}) 7. Nd4 (7.
Ng1 $5 {Ribli Dieser auf den ersten Blick sonderbare Zug ist ebenfalls
interessant. Nach der Partiefortsetzung gewinnt Schwarz Zeit mit 7...c5. Ribli.
}) 7... c5 (7... O-O {Ribli} 8. a3 (8. d3 $6 c5 9. Nb5 d5 10. a3 Nxd3+ 11. Bxd3
exd3 12. Qxd3 dxc4 13. Qxc4 Be6 $15 {Adok-Horvath,Jo,Ung.Mannsch.Meisterschaft
1991.Ribli.}) 8... Nc6 9. Nxc6 dxc6 10. Be2 Nd7 11. d4 exd3 12. Qxd3 Nc5 13.
Qc3 Qg5 $13 {Azmaiparashvili-Kaidanov/Kujbyshev/1986/}) 8. a3 $6 {Stattdessen
sind praktisch alle Springerzüge eher zu empfehlen. Ribli.} (8. Nf5 $6 d5 $1 9.
Nxg7+ Kf8 10. Nh5 (10. a3 {Ribli} Nd3+ 11. Bxd3 exd3 12. Nh5 Bg4 $19) 10... Bg4
11. Be2 Bxe2 12. Qxe2 Nc2+ $17) (8. Nb3 b6 $5 $15 (8... d5 $5)) (8. Nb5 d5 9.
cxd5 O-O $15) (8. Nb3 $5 {Ribli}) (8. Nb5 $5 {Ribli}) 8... cxd4 9. axb4 {
Es ist gut bekannt, daß die Englische Eröffnung eigentlich eine "Sizilianische
Verteidigung" mit vertauschten Farben ist. In dem "spanischen"Sizilianer nach
1.e4 c5 2.Nf3 Nc6 3.Bb5 Nf6?! 4.Nc3 Nd4 5.e5 Nxb5 6.Nxb5 Nd5 7.c4 haben wir
ähnliche Motive wie in unserer Hauptpartie. (Mit umgekehrten Farben.) Ribli.}
d3 {Schwarz hat großen Raumvorteil. Weiß hat Schwierigkeiten mit seiner
Entwicklung, aber noch gibt es keine konkreten Drohungen. Ribli.} 10. b3 O-O
11. Bb2 d5 12. Qc1 {Weiß plant 13.Qc3 mit Druck auf der großen Diagonalen.
Ribli.} (12. Bxf6 $5 {Ribli} Qxf6 13. cxd5 Rd8 $17) (12. cxd5 $2 {Ribli} Nxd5
$17) (12. c5 $5 {Ribli}) 12... dxc4 $5 13. bxc4 Be6 14. Qc3 Rc8 {Schwarz hat
großen Entwicklungsvorteil und gute Angriffspunkte am Damenflügel. Ribli.} 15.
c5 b6 $1 16. f3 (16. Rxa7 bxc5 $1 (16... Qd5 17. f3 $1 (17. Qd4 {Ribli} bxc5
18. Qxd5 Nxd5 $36) (17. Ba3 Qa2 $44) 17... bxc5 18. fxe4) 17. bxc5 Qd5 18. Ra5
Rb8 $1 19. c6 $2 Rxb2) 16... a5 $1 17. fxe4 (17. bxa5 {Ribli} Rxc5) 17... axb4
18. Qxb4 (18. Qxd3 bxc5 (18... Qe7 19. cxb6 Rfd8 (19... Bc4 20. Qd4) 20. Bd4
$14) 19. Qxd8 Rfxd8 $17 (19... Rfxd8 {Ribli} 20. Bxf6 gxf6 $15 {[%csl Gb4,Gc5]}
)) 18... bxc5 19. Qc3 Rb8 $1 $17 20. Ba3 (20. Bxd3 $2 {Ribli} Rxb2 $1 $19)
20... Nxe4 21. Qe5 Bd5 22. Bxd3 Re8 $1 (22... Qh4+ 23. g3 Nxg3 24. Rg1 Ne4+ 25.
Kd1 Nf2+ 26. Ke2 Ng4 27. Qf4 Qxh2+ 28. Qxh2 Nxh2 29. Bxc5) 23. Qf4 {[#]} Nxd2
$1 24. Rd1 $8 (24. Kxd2 {Ribli} Be4 $19) 24... c4 $6 $138 (24... Qa5 25. Rxd2
Qxa3 $19) (24... Ne4 {Ribli} 25. Bxe4 (25. O-O $15) 25... Qa5+ $17 (25... Rxe4
26. Rxd5 Qa5+ $19 (26... Rb1+ $19))) 25. Rxd2 cxd3 26. O-O (26. Rxd3 {Ribli}
Rb1+ $19) 26... Rb3 {Schwarz dominiert das Brett. Er hat ein gesundes
Bauernplus, aber der Gewinn ist noch nicht leicht. Ribli.} 27. Bb2 Qe7 28. Bd4
Be4 29. Ra2 $138 Rb7 {Zunächst verteidigt Schwarz seine Stellung, bereitet
alles vor, und im besten Moment beginnt er den entscheidenden Angriff. Ribli.}
30. h3 Rc7 31. Ra5 f6 {Das ist klar: Wenn unser Gegner einen Läufer auf d4 hat,
ist das der beste Bauernaufbau. Ribli.} 32. Qg3 Kh8 33. Rf2 Rc2 34. Ra7 Qf8 35.
Rxc2 (35. Rxg7 $2 {Ribli} Rxf2 $1 36. Qxf2 Kxg7 $19) 35... dxc2 {Schwarz hat
gute Gewinnchancen dank seines guten Läufers auf e4 und seines gefährlichen
Freibauern auf c2. Zur gleichen Zeit hat Weiß auch etwas Aktivität auf den
schwarzen Feldern. Ribli.} 36. Rc7 Bg6 37. h4 Qb4 38. h5 (38. Kh2 {Ribli} Qb1)
38... Qb1+ 39. Kh2 c1=Q 40. Rxc1 Qxc1 41. hxg6 hxg6 42. Qxg6 {Weiß hat eine
Qualität weniger und nur kleine Rettungchancen. Ohne Damen ist das Endspiel
leicht gewonnen für Schwarz. Der schwarze Gewinn ist nur eine Frage der Zeit.
Ribli.} Qc6 43. Qh5+ Kg8 44. Qg6 Qc7+ 45. Kh1 Qf7 {Zuerst verteidigt Schwarz
seine Königsstellung, später beginnt er den Angriff. Ribli.} 46. Qg4 Rb8 47.
Kh2 Qc7+ 48. Kg1 Qc6 49. Kh2 (49. Qg6 $5 {Ribli}) 49... Re8 50. Qh5 Qe4 51. Qb5
Rc8 52. Qb3+ Kh8 {[%cal Rc8c2,Rc2g2] Weiß gibt auf. Er ist praktisch verloren,
aber es wäre möglich weiterzuspielen. Ribli.} (52... Kh8 {Ribli} 53. Qd1 Rc2
54. Qf1 Qh4+ 55. Kg1 Qg3 {ist aber die schwarze Aktivität überzeugend.}) 0-1

[Event "Norway Chess 6th"]
[Site "Stavanger"]
[Date "2018.06.02"]
[Round "5"]
[White "Caruana, Fabiano"]
[Black "Karjakin, Sergey"]
[Result "1-0"]
[WhiteElo "2822"]
[BlackElo "2782"]
[Annotator "Yermolinsky,A"]
[PlyCount "81"]
[EventDate "2018.05.28"]
[EventType "tourn"]
[EventRounds "9"]
[EventCountry "NOR"]
[EventCategory "22"]
[SourceTitle "CBM 185"]
[Source "ChessBase"]
[SourceDate "2018.07.13"]
[SourceVersion "1"]
[SourceVersionDate "2018.07.13"]
[SourceQuality "1"]

1. c4 Nf6 2. Nc3 e5 3. Nf3 Nc6 4. e3 Bb4 5. Qc2 Bxc3 (5... O-O 6. Nd5 Re8 {
was seen in online battles between Nepo and Karjakin, Chess.com 2017}) 6. Qxc3
Qe7 7. b3 $5 {White wastes no time deploying his prized dark-squared bishop.} (
7. Be2 d5 8. d4 exd4 9. Nxd4 Nxd4 10. Qxd4 c5 11. Qh4 dxc4 {Giri-Aronian, 2017:
equal.}) 7... O-O ({Now} 7... d5 8. d4 exd4 9. Nxd4 {is slightly better for
White:} Nxd4 10. Qxd4 c5 11. Qf4 O-O 12. Bb2 d4 13. Bd3 dxe3 14. fxe3 Re8 15.
O-O-O {etc.}) 8. Bb2 Re8 9. a3 a5 10. h3 b6 $6 {This appears to be a rather
artificial attempt to complicate matters, which is totally uncharacteristic of
Karjakin's style. Perhaps Sergey was looking to build up on his success from
the day before. Chesswise, it's hard to see any prospects for the bishop
blocked by its own knight.} (10... Ne4 11. Qc2 Nc5 {would be a logical
follow-up to the a7-a5 move.}) ({Else, it's never too late to return to the
classical, centre-oriented approach} 10... d5 {as now} 11. d4 $6 Ne4 12. Qd3
exd4 13. Nxd4 dxc4 14. bxc4 {hands the initiative over to Black who has ways
of exploiting White's lack of kingside development,} Qg5 ({or even} 14... Ra6))
11. Be2 Bb7 12. O-O d5 $2 {How can Black expect this to work together with the
fianchettoed bishop is beyond me.} (12... Ne4 13. Qc2 Nc5 {was still the best
option, hoping for} 14. d4 $2 exd4 15. Nxd4 Nxd4 16. Bxd4 Qe4 $15 {where the
weakness on b3 is telling.}) 13. cxd5 Nxd5 14. Qc2 e4 {Understandable.} (14...
Rad8 15. Bb5 Rd6 {holds it together, but what does Black do next, after} 16. d3
) 15. Nh2 Qg5 16. f4 ({Even better was} 16. f3 {to exclude the option outlined
in the next note.}) 16... exf3 ({Many would prefer to keep the strong e4-pawn:
} 16... Qh4 17. Bb5 Re6 18. Rf2 $14) 17. Nxf3 Qg3 18. Rf2 Rad8 19. Bc4 {
Who needs to occupy the centre with pawns when you can have unobstructed
bishops like this? This position looks like a dream Reti.} Nf6 {A tough
decision, the kind we have come to expect from the Minister of Defence Sergey
Karjakin.} 20. Bxf6 gxf6 21. Raf1 Rd6 22. b4 axb4 23. axb4 Re7 24. b5 Ne5 25.
Nd4 {Fabiano wants to keep the tension.} (25. Nxe5 Qxe5 (25... Rxe5 26. Bxf7+)
26. Bd3 {looks good for White, but one can never be sure about the outcome of
a possible rook endgame,} Be4 27. Bxe4 Qxe4 28. Qxe4 Rxe4 29. Rxf6 Rxd2 30.
Rxf7 Rc2 {etc.}) 25... Bc8 26. Kh1 Kg7 ({Desperate times call for desperate
measures, therefore} 26... f5 {was worth investigating. At least there's a
chance for} 27. Nxf5 Bxf5 28. Rxf5 Nxc4 29. Qxc4 Rxd2) 27. Be2 Kh8 {A sad
sight of Karjakin being reduced to mere waiting moves.} 28. Qc3 Kg7 29. Bd1 Kg8
30. Bc2 Qh4 31. Rf4 Qg3 32. Bf5 Bb7 33. Be4 Bc8 34. Qa3 Kg7 35. Qa8 $1 {
This is curtains, as Black is unable to maintain control over the f5-square.}
Bxh3 (35... Bd7 36. Bf5) (35... Re8 36. Qxc8 Rxc8 37. Nf5+) 36. gxh3 Qxh3+ 37.
Kg1 Rxd4 38. Bg2 Qg3 39. Rxd4 Ng4 40. Rf3 Qe1+ 41. Bf1 1-0

[Event "SWE-ch"]
[Site "Linkoping"]
[Date "2001.07.12"]
[Round "11"]
[White "Agrest, Evgenij"]
[Black "Brynell, Stellan"]
[Result "1/2-1/2"]
[WhiteElo "2529"]
[BlackElo "2486"]
[Annotator "Ziegler,A"]
[PlyCount "22"]
[EventDate "2001.06.30"]
[EventType "tourn"]
[EventRounds "13"]
[EventCountry "SWE"]
[EventCategory "8"]
[SourceTitle "CBM 085"]
[Source "ChessBase"]
[SourceDate "2001.11.13"]
[SourceVersion "1"]
[SourceVersionDate "2001.11.13"]
[SourceQuality "1"]

1. c4 e5 2. Nc3 Nf6 3. Nf3 Nc6 4. d3 Bb4 5. e4 d6 6. g3 O-O 7. Bg2 Ne8 8. O-O
Bxc3 9. bxc3 f5 10. exf5 Bxf5 11. Nh4 (11. Rb1 Rb8 12. Nh4 Be6 {Christiansen,
L-Morozevich,A, New York 1995.}) 11... Be6 {Spelarna befann sig i en konflikt
mellan att uppfylla publikens önskan och sina egna mål. Stellan är nöjd om han
kommer trea. Agrest vill säkra segern. Det här är en speciell del av schacket
som alltid kommer att diskuteras.} 1/2-1/2